विश्व में आतंकवाद / (Record no. 118673)

MARC details
000 -LEADER
fixed length control field 01190nam a22002537a 4500
005 - DATE AND TIME OF LATEST TRANSACTION
control field 20170124103118.0
010 ## - LIBRARY OF CONGRESS CONTROL NUMBER
LC control number B-152796
020 ## - INTERNATIONAL STANDARD BOOK NUMBER
Terms of availability 400.00
International Standard Book Number 8171380735
035 ## - SYSTEM CONTROL NUMBER
System control number B-152796
037 ## - SOURCE OF ACQUISITION
Source of stock number/acquisition Cen Lib/Ret
040 ## - CATALOGING SOURCE
Original cataloging agency DPL
Language of cataloging HN
082 ## - DEWEY DECIMAL CLASSIFICATION NUMBER
Classification number 303.625
Item number गौड़वी
100 ## - MAIN ENTRY--PERSONAL NAME
Personal name गौड़, वीरेंद्र कुमार
9 (RLIN) 47235
245 ## - TITLE STATEMENT
Title विश्व में आतंकवाद /
Statement of responsibility, etc वीरेंद्र कुमार गौड़
246 ## - VARYING FORM OF TITLE
Title proper/short title Vishv me aatankvaad /
Remainder of title by Vreendra Kumar Gaud
260 ## - PUBLICATION, DISTRIBUTION, ETC. (IMPRINT)
Place of publication, distribution, etc नयी दिल्ली
Name of publisher, distributor, etc सामायिक प्रकाशन
Date of publication, distribution, etc 2006
270 ## - ADDRESS
City नयी दिल्ली
Address 3320-21, जटवाडा, नेताजी सुभाष मार्ग, दरियागंज
Postal code 110002
300 ## - PHYSICAL DESCRIPTION
Extent 344पृ.
Dimensions 20सेमी(सजिल्द )
650 ## - SUBJECT ADDED ENTRY--TOPICAL TERM
Topical term or geographic name as entry element आतंकवादी संगठन
General subdivision
Geographic subdivision
9 (RLIN) 81398
650 ## - SUBJECT ADDED ENTRY--TOPICAL TERM
Topical term or geographic name as entry element आतंकवाद--सुरक्षा--बचाव
9 (RLIN) 81399
650 ## - SUBJECT ADDED ENTRY--TOPICAL TERM
Topical term or geographic name as entry element Terrorist organization
9 (RLIN) 81400
650 ## - SUBJECT ADDED ENTRY--TOPICAL TERM
Topical term or geographic name as entry element Terrorism - Security and prevention
9 (RLIN) 81401
942 ## - ADDED ENTRY ELEMENTS (KOHA)
Source of classification or shelving scheme Dewey Decimal Classification
Koha item type Hindi Books
Classification part 303.625
Call number suffix गौड़वी
Holdings
Withdrawn status Lost status Damaged status Not for loan Home library Current library Date acquired Source of acquisition Cost, normal purchase price Total Checkouts Full call number Barcode Date last seen Date checked out Copy number Cost, replacement price Price effective from Koha item type
        Central Library Central Library 12/09/2015 Cen Lib/Ref 400.00 3 303.625 गौड़वी B-152796 03/03/2018 15/02/2018 1 400.00 12/09/2015 Hindi Books

© Delhi Public Library
Hit Counter
free hit counter